David Fincher Movies - Statistics

General Stats
  • This quiz has been taken 118 times
  • The average score is 7 of 12
Answer Stats
Release Year Answer % Correct
1995 Se7en
95%
1999 Fight Club
92%
2014 Gone Girl
71%
2010 The Social Network
65%
2007 Zodiac
63%
1997 The Game
59%
2023 The Killer
58%
1992 Alien 3
56%
2008 The Curious Case of Benjamin Button
49%
2011 The Girl with the Dragon Tattoo
46%
2020 Mank
45%
2002 Panic Room
39%
No matching quizzes found
Score Distribution
Percent of People with Each Score
Percentile by Number Answered
Your Score History
You have not taken this quiz